{"text_format":"3","workbook":"xlsx","n_sheets":10,"sheets":["1200A","1200C","1200D","1200DB","1200G","1200L","1200LB","PD","Summary","Sheet1"],"not_rendered":{"images":1,"defined_names":9},"read":"whole","date_system":"1900"}

{"sheet":"1200A","index":0,"n_rows":80,"n_cols":17,"rows_kept":80,"merged":[[0,0,0,8],[1,2,1,4],[3,2,3,4],[5,2,5,4],[7,2,7,4],[8,2,8,4],[9,3,9,4],[10,3,10,4],[12,2,12,4],[13,3,13,4],[14,3,14,4],[15,3,15,4],[16,3,16,4],[18,2,18,4],[20,2,20,4],[22,2,22,4],[24,0,25,0],[24,1,25,1],[24,2,25,4],[26,2,26,4],[34,3,34,4],[39,0,39,7],[40,0,40,8],[41,2,41,4],[42,0,42,7],[45,2,45,4],[48,0,51,0],[48,1,51,1],[48,2,51,2],[48,3,51,3],[48,4,51,4],[48,5,51,5],[48,6,51,6],[48,7,51,7],[48,8,51,8],[58,4,59,4],[64,0,65,0],[64,1,65,1],[64,2,65,4],[64,5,65,5],[64,6,65,6],[64,7,65,7],[64,8,65,8],[69,2,69,4],[74,0,74,7]]}
["SECTION 1200 PART A: PRELIMINARY AND GENERAL"]
["ITEM NO","PAY ITEM","DESCRIPTION",null,null,"UNIT","QTY","RATE","AMOUNT"]
[{"$nulls":8},{"$f":"+IF(H3*G3=0,\"\",H3*G3)","v":""}]
[1.1,"PSA 8.3","SCHEDULED FIXED-CHARGE & VALUE-RELATED ITEMS",{"$nulls":5},{"$f":"+IF(H4*G4=0,\"\",H4*G4)","v":""}]
[{"$nulls":8},""]
["1.1.1","PSA 8.3.1","Contractual Requirements",null,null,"Sum",1,null,""]
[{"$nulls":8},""]
["1.1.2","PSA 8.3.2","Establishment of facilities on Site",{"$nulls":5},""]
["1.1.2.1","8.3.2.1","Facilities for Engineer",{"$nulls":5},""]
[null,null,"(a)","Furnished offices (1 No.)",null,"Sum",1,null,"",null,{"$f":"2110+9300","v":11410}]
[null,null,"(b)","Telephone",null,"Sum",1,null,""]
[{"$nulls":8},""]
["1.1.2.2","8.3.2.2","Facilities for Contractor",{"$nulls":5},""]
[null,null,"(a)","Offices & storage sheds",null,"Sum",1,null,"",null,{"$f":"(1*2110)+(1145)+(2*9300)","v":21855}]
[null,null,"(e)","Ablution & latrine facilities",null,"Sum",1,null,"",null,{"$f":"(1*2335)+(1*2120)+(1375)","v":5830}]
[null,null,"(g)","Water supplies, electric power & communications",null,"Sum",1,null,""]
[null,null,"(h)","Dealing with water",null,"Sum",1,null,""]
[{"$nulls":8},""]
["1.1.3","8.3.4","Removal of site establishment",null,null,"Sum",1,null,""]
[{"$nulls":8},""]
[1.2,8.4,"SCHEDULED TIME-RELATED ITEMS",{"$nulls":5},""]
[{"$nulls":8},""]
["1.2.1","8.4.1","Contractual requirements",null,null,"Sum",1,null,""]
[{"$nulls":8},""]
["1.2.2","8.4.2","Operate and maintain facilities on the site for duration of construction excepet where otherwise stated"]
[{"$nulls":8},""]
["1.2.2.1","8.4.2.1","Facilities for Engineer",{"$nulls":5},{"$f":"+IF(H27*G27=0,\"\",H27*G27)","v":""}]
[null,null,"(a)","Furnished offices (1 No.)",null,"Sum",1,null,"",{"$f":"H28/6","v":0},null,{"$f":"(1*1145)+(2*2110)","v":5365},{"$f":"L28*6","v":32190}]
[null,null,"(b)","Telephone",null,"Sum",1,null,"",{"$f":"H29/6","v":0}]
[null,null,"(d)"," Survey assistants & materials",null,"Sum",1,null,"",0]
[{"$nulls":8},""]
["1.2.2.2","8.4.2.2","Facilities for Contractor",{"$nulls":5},""]
[null,null,"(a)","Offices & storage sheds",null,"Sum",1,null,""]
[null,null,"(e)","Ablution & latrine facilities",null,"Sum",1,null,""]
[null,null,"(g)","Water supplies, electric power & communications",null,"Sum",1,null,""]
[null,null,"(i)","Access",null,"Sum",1,null,""]
[{"$nulls":8},""]
["1.2.3","8.4.3","Supervision for Duration of Contract",null,null,"Sum",1,null,""]
[]
["TOTAL CARRIED FORWARD"]
["SECTION 1200 PART A: PRELIMINARY AND GENERAL"]
["ITEM NO","PAY ITEM","DESCRIPTION",null,null,"UNIT","QTY","RATE","AMOUNT"]
["TOTAL BROUGHT FORWARD"]
[{"$nulls":8},{"$f":"+IF(H44*G44=0,\"\",H44*G44)","v":""}]
[{"$nulls":8},"",null,{"$f":"730000-#REF!","v":{"$error":"#REF!"}}]
["1.3","PSA 8.5","SUMS STATED PROVISIONALLY BY THE ENGINEER",{"$nulls":5},"",{"$nulls":7},"SAVINGS"]
[]
[null,null,"(a)","Abstraction Pump Works",{"$nulls":12},50000]
[{"$nulls":3},"1)","Design, Supply, Delivery and Installation of 2 X Abstraction pumps,  Motor, Electrical Works (Including telemetry), Control Panel & All Associated Pipework","PSum",1,{"v":4500000,"d":"R4,500,000.00"},{"$f":"+IF(H49*G49=0,\"\",H49*G49)","v":{"v":4500000,"d":"R4,500,000.00"}},{"$nulls":7},2000]
[]
[]
[{"$nulls":10},307132.9000000004,188089.49302325584]
[{"$nulls":3},"2)","Overheads, charges & profit on c)1),2) and 3) above","%",null,{"$f":"SUM(I49)","v":{"v":4500000,"d":"R4,500,000.00"}},{"$f":"+IF(H53*G53=0,\"\",H53*G53)","v":""}]
[]
["1.3.3",null,"(b)","Community Liaison Officers",{"$nulls":4},{"$f":"+IF(H55*G55=0,\"\",H55*G55)","v":""}]
[{"$nulls":3},"1)","Provision for CLO Salary","PC.Sum",1,{"v":70000,"d":"R70,000.00"},{"$f":"+IF(H56*G56=0,\"\",H56*G56)","v":{"v":70000,"d":"R70,000.00"}},null,{"v":53220.90000000037,"d":"R53,220.90"}]
[{"$nulls":3},"2)","Provison for CLO Cellular Phone","PC.Sum",1,{"v":5000,"d":"R5,000.00"},{"$f":"H57*G57","v":{"v":5000,"d":"R5,000.00"}},null,null,{"$f":"0.291666667","v":0.291666667}]
[{"$nulls":3},"3)","Cost of Cellular Phone Usage for CLO","PC.Sum",1,{"v":5000,"d":"R5,000.00"},{"$f":"H58*G58","v":{"v":5000,"d":"R5,000.00"}},null,null,120000]
[{"$nulls":3},"4)","Overheads, charges & profit on c)1),2) and 3) above","%",null,{"$f":"SUM(I56:I58)","v":{"v":80000,"d":"R80,000.00"}},{"$f":"+IF(H59*G59=0,\"\",H59*G59)","v":""},null,null,{"$f":"L57*L58","v":35000.00004},{"$f":"L58/L59","v":3.4285714246530614}]
[]
[]
[{"$nulls":11},7000,{"$f":"L59/L62","v":5.000000005714286}]
[1.4,"PSA 8.9","Wayleave",null,null,"Sum",1,null,{"$f":"+IF(H63*G63=0,\"\",H63*G63)","v":""},null,null,{"$f":"7000*6","v":42000}]
[{"$nulls":8},"",null,null,{"$f":"800*6","v":4800}]
[1.5,"PSA 8.11","COMPLIANCE WITH OHS ACT, CONSTRUCTION REGULATIONS 2014 AND OHS SPECIFICATION",null,null,"Sum",1,null,""]
[{"$nulls":8},""]
[{"$nulls":8},"",{"$nulls":4},{"v":4483728,"d":"R4,483,728.00"}]
[1.6,"PSA 8.12","Contract Nameboards",null,null,"Sum",1,null,""]
[{"$nulls":8},""]
[1.7,"PSA 8.13","Environmental Management ",null,null,"Sum",1,null,"",{"$nulls":4},{"$f":"N67*1.05","v":{"v":4707914.4,"d":"R4,707,914.40"}}]
[{"$nulls":8},""]
[1.8,"PSA 8.16","Provision of Security Personnel",null,null,"Sum",1,null,"",null,{"$f":"H72/6","v":0}]
[{"$nulls":8},""]
[]
["TOTAL CARRIED TO SUMMARY"]
[]
[]
[]
[]
[{"$nulls":4}," "]

{"sheet":"1200C","index":1,"n_rows":40,"n_cols":7,"rows_kept":40,"merged":[[0,0,0,6],[7,2,8,2],[10,0,11,0],[10,1,11,1],[10,2,11,2],[10,3,11,3],[10,4,11,4],[10,5,11,5],[10,6,11,6],[13,1,14,1],[13,2,14,2],[13,3,14,3],[13,4,14,4],[13,5,14,5],[13,6,14,6],[39,0,39,5]]}
["SECTION 1200 PART C: SITE CLEARANCE"]
["ITEM NO","PAY ITEM","DESCRIPTION","UNIT","QTY","RATE","AMOUNT"]
[{"$nulls":6},{"$f":"+IF(F3*E3=0,\"\",F3*E3)","v":""}]
[2.1,8.2,"SCHEDULED ITEMS",{"$nulls":3},""]
[{"$nulls":6},""]
["2.1.1","8.2.1","Clear and grub","ha",0.1,null,""]
[{"$nulls":6},""]
["2.1.2","8.2.3","Remove & grub all trees and tree stumps regardless of girth","ha",0.1,null,""]
[]
[{"$nulls":6},""]
["2.1.3","PSC 8.2.11","Remove topsoil to spoil site furnished by Contractor","m³",50,null,{"$f":"+IF(F11*E11=0,\"\",F11*E11)","v":""}]
[]
[]
["2.1.4","PSC\n8.2.12","Demolishing and Removal of Existing Concrete Structures"]
[]
[null,null,"a) Reinforced Concrete (0 to 200 mm thick)","m³",50,null,{"$f":"+IF(F16*E16=0,\"\",F16*E16)","v":""}]
{"$rows_empty":22}
[{"$nulls":6},{"$f":"+IF(F39*E39=0,\"\",F39*E39)","v":""}]
["TOTAL CARRIED TO SUMMARY"]

{"sheet":"1200D","index":2,"n_rows":36,"n_cols":15,"rows_kept":36,"merged":[[0,0,0,8],[1,2,1,4],[3,2,3,4],[6,2,6,4],[7,3,8,4],[11,2,11,4],[12,2,13,4],[14,3,14,4],[15,3,15,4],[18,2,18,4],[19,3,20,4],[25,2,26,4],[27,3,27,4],[31,3,31,4],[35,0,35,7]]}
["SECTION 1200 PART D: EARTHWORKS (BULK)"]
["ITEM NO","PAY ITEM","DESCRIPTION",null,null,"UNIT","QTY","RATE","AMOUNT"]
[{"$nulls":8},{"$f":"+IF(H3*G3=0,\"\",H3*G3)","v":""}]
[3.1,8.3,"SCHEDULED ITEMS",{"$nulls":5},{"$f":"+IF(H4*G4=0,\"\",H4*G4)","v":""}]
[{"$nulls":8},""]
[]
["3.1.2","PSD 8.3.4","Importing of materials"]
[null,null,"(a)","Extra-over for importation of materials from commercial sources or from borrow pits"]
[]
[{"$nulls":3},"1)","G7 Under surface bed","m³",50,null,{"$f":"+IF(H10*G10=0,\"\",H10*G10)","v":""}]
[{"$nulls":14},{"$f":"4*4*4","v":64}]
["3.1.3","PSD 8.3.8","Existing Services"]
[null,"8.3.8.1","Hand excavation for locating and exposing existing services:",{"$nulls":5},{"$f":"+IF(H13*G13=0,\"\",H13*G13)","v":""}]
[]
[null,null,"(a)","In Roadways",null,"m³",50,null,"Rate Only"]
[null,null,"(b)","In all other areas",null,"m³",50,null,{"$f":"+IF(H16*G16=0,\"\",H16*G16)","v":""}]
[]
[]
[]
[{"$nulls":8},{"$f":"+IF(H20*G20=0,\"\",H20*G20)","v":""}]
[]
[{"$nulls":8},{"$f":"+IF(H22*G22=0,\"\",H22*G22)","v":""}]
[{"$nulls":8},""]
[{"$nulls":8},""]
[]
[{"$nulls":8},{"$f":"+IF(H26*G26=0,\"\",H26*G26)","v":""}]
[]
[]
[{"$nulls":8},{"$f":"+IF(H29*G29=0,\"\",H29*G29)","v":""}]
[{"$nulls":8},""]
[]
[]
[{"$nulls":8},{"$f":"+IF(H33*G33=0,\"\",H33*G33)","v":""}]
[]
[]
["TOTAL CARRIED TO SUMMARY"]

{"sheet":"1200DB","index":3,"n_rows":40,"n_cols":12,"rows_kept":40,"merged":[[0,0,0,9],[1,2,1,5],[3,2,3,5],[5,1,6,1],[6,3,7,5],[9,4,9,5],[14,4,14,5],[21,3,22,3],[21,5,22,5],[21,6,22,6],[21,7,22,7],[21,8,22,8],[21,9,22,9],[27,3,28,5],[31,3,32,3],[31,5,32,5],[31,6,32,6],[31,7,32,7],[31,8,32,8],[31,9,32,9],[39,0,39,8]]}
["SECTION 1200 PART DB: EARTHWORKS (PIPE TRENCHES)"]
["ITEM NO","PAY ITEM","DESCRIPTION",{"$nulls":3},"UNIT","QTY","RATE","AMOUNT"]
[{"$nulls":9},{"$f":"+IF(I3*H3=0,\"\",I3*H3)","v":""}]
["4.1","PSDB 8,3","SCHEDULED ITEMS",{"$nulls":6},{"$f":"+IF(I4*H4=0,\"\",I4*H4)","v":""}]
[{"$nulls":9},""]
["4.1.1","PSDB \n8.3.2","Excavation",{"$nulls":6},""]
[null,null,"a)","Excavate in all materials for trenches, backfill, compact and dispose of surplus material for:",{"$nulls":5},""]
[]
[{"$nulls":9},""]
[{"$nulls":3},"1)","110 to 300 mm diameter",{"$nulls":6},{"$f":"0.85*1.5*40","v":51}]
[{"$nulls":4},"i)","0 to 1m depth","m3",50,null,{"$f":"+IF(I11*H11=0,\"\",I11*H11)","v":""},null,{"$f":"0.76*1.5*40","v":45.60000000000001}]
[{"$nulls":4},"ii)","1 to 2m depth","m3",50,null,""]
[{"$nulls":4},"iii)","2 to 3m depth","m3",0,null,""]
[{"$nulls":9},""]
[{"$nulls":3},"2)","Greater than 300 mm diameter",{"$nulls":4},""]
[{"$nulls":4},"i)","0 to 1m depth","m3",150,null,"",null,{"$f":"0.915*1.5*600","v":823.5}]
[{"$nulls":4},"ii)","1 to 2m depth","m3",700,null,""]
[{"$nulls":4},"iii)","2 to 3m depth","m3",0,null,""]
[{"$nulls":9},""]
[null,null,"b)","Extra-over for subitem a) for excavating in:",{"$nulls":5},""]
[{"$nulls":3},"2)",null,"Hard rock material","m3",{"$f":"0.5*SUM(H16:H17)","v":425},null,""]
[{"$nulls":3},"3)",null,"Backfill stabilized with 5% cement where directed by the Engineer","m³",100,null,"Rate Only"]
[]
[{"$nulls":9},{"$f":"+IF(I24*H24=0,\"\",I24*H24)","v":""}]
["4.1.2","8.3.3","Excavation Ancillaries",{"$nulls":6},""]
["4.1.2.1","8.3.3.1","Makeup deficiency in backfill material",{"$nulls":6},""]
[null,null,"(a)","from other necessary excavations on site",null,null,"m³",125,null,{"$f":"+IF(I27*H27=0,\"\",I27*H27)","v":""}]
[null,null,"(c)","By importation from commercial or off-site sources selected by Contractor",null,null,"m³",{"$f":"H21*0.6","v":255},null,""]
[]
[{"$nulls":9},""]
{"$rows_empty":9}
["TOTAL CARRIED TO SUMMARY",{"$nulls":10},{"$f":"J40-208200","v":{"v":-208200,"d":"-R208,200.00"}}]

{"sheet":"1200G","index":4,"n_rows":65,"n_cols":18,"rows_kept":65,"merged":[[0,0,0,8],[1,2,1,4],[2,2,2,4],[3,2,3,4],[4,2,4,4],[6,3,6,4],[7,3,7,4],[9,2,9,4],[10,3,10,4],[11,3,11,4],[13,2,13,4],[16,3,16,4],[17,3,17,4],[20,1,21,1],[20,2,20,4],[21,3,21,4],[23,2,23,4],[25,2,25,4],[28,3,28,4],[29,3,29,4],[30,3,30,4],[31,3,31,4],[34,2,34,4],[35,3,35,4],[38,0,38,7],[39,0,39,8],[40,2,40,4],[41,0,41,7],[43,2,43,4],[44,3,44,4],[47,4,48,4],[50,2,50,4],[53,0,53,7],[54,0,54,8],[55,2,55,4],[56,0,56,7],[58,2,58,4],[59,3,59,4],[62,4,63,4],[92,0,92,7]]}
["SECTION 1200 PART G: CONCRETE (STRUCTURAL)"]
["ITEM NO","PAY ITEM","DESCRIPTION",null,null,"UNIT","QTY","RATE","AMOUNT"]
[{"$nulls":8},{"$f":"+IF(H3*G3=0,\"\",H3*G3)","v":""}]
[null,null,"PUMP HOUSE"]
[6.6,8.2,"SCHEDULED FORMWORK ITEMS"]
["6.6.1","8.2.1","Rough",{"$nulls":5},{"$f":"+IF(H6*G6=0,\"\",H6*G6)","v":""}]
[null,null,"(a)","Surface bed",null,"m2",5,null,{"$f":"+IF(H7*G7=0,\"\",H7*G7)","v":""}]
[null,null,"(b)","Pad footing ",null,"m2",5,null,{"$f":"+IF(H8*G8=0,\"\",H8*G8)","v":""}]
[]
["6.6.2","8.2.2","Smooth"]
[null,null,"(a)","Plinths",null,"m2",3,null,{"$f":"+IF(H11*G11=0,\"\",H11*G11)","v":""},{"$nulls":5},{"v":4123.093023255467,"d":"R4,123.09"}]
[null,null,"(b)","Roof Slab",null,"m2",5,null,{"$f":"+IF(H12*G12=0,\"\",H12*G12)","v":""},{"$nulls":3},{"$f":"(4*4)*0.15","v":2.4}]
[{"$nulls":14},{"$f":"O11/H17","v":{"$error":"#DIV/0!"}}]
[6.7,8.3,"SCHEDULED REINFORCEMENT ITEMS",{"$nulls":5},{"$f":"+IF(H14*G14=0,\"\",H14*G14)","v":""}]
[{"$nulls":8},{"$f":"+IF(H15*G15=0,\"\",H15*G15)","v":""},{"$nulls":8},{"$f":"G17+O13/2","v":{"$error":"#DIV/0!"}}]
["6.7.1","8.3.1","High Tensile Steel Bars"]
[null,null,"(a)","Plinths",null,"t",0.15,null,{"$f":"+IF(H17*G17=0,\"\",H17*G17)","v":""},null,{"$f":"2*(1.2*0.6*0.2)","v":0.288},{"$f":"350","v":350},"kg/m³",{"$f":"L17*K17","v":100.8},{"$f":"N17/1000","v":0.1008},"t",{"$f":"9.6324/430","v":0.022400930232558142},{"$f":"5*5","v":25}]
[null,null,"(b)","Pad Footings",null,"t",0.85,null,"",null,{"$f":"(16*0.6*0.25)","v":2.4},{"$f":"350","v":350},null,{"$f":"L18*K18","v":840},{"$f":"N18/1000","v":0.84},"t",null,{"$f":"Q17*R17","v":0.5600232558139535}]
[null,null,"(c)","Roof Slab",null,"t",0.85,null,"",null,{"$f":"4*4*0.15","v":2.4},{"$f":"350","v":350},null,{"$f":"L19*K19","v":840},{"$f":"N19/1000","v":0.84}]
[{"$nulls":8},""]
["6.7.2","PSG 8.3.2","High tensile welded mesh",{"$nulls":5},"",{"$nulls":8},{"$f":"1.3*R18","v":0.7280302325581396}]
[null,null,"(a)","Ref 245",null,"m²",20,null,""]
[{"$nulls":8},""]
[6.8,8.4,"SCHEDULED CONCRETE ITEMS",{"$nulls":5},""]
[{"$nulls":8},""]
["6.8.1","8.4.2","Blinding layer in 15MPa concrete",null,null,"m³",1.5,null,""]
[{"$nulls":8},"",{"$nulls":5},{"$f":"2.4*6","v":14.399999999999999}]
["6.8.2","8.4.3","25/19 Mpa Concrete",{"$nulls":5},"",{"$nulls":5},{"$f":"622.37/O27","v":43.22013888888889}]
[null,null,"(a)","Pad footings",null,"m3",1,null,"",null,null,{"$f":"1.2*M29","v":3000},2500]
[null,null,"(b)","Surface Bed",null,"m3",5,null,"",{"$nulls":5},{"$f":"1.5*O28","v":64.83020833333333}]
[null,null,"(c)","Plinths",null,"m3",0.6,null,""]
[null,null,"(d)","Roof Slab",null,"m3",5,null,""]
[{"$nulls":8},"",{"$nulls":5},157700]
[{"$nulls":8},"",{"$nulls":5},{"$f":"O33/80","v":1971.25}]
["6.8.3","8.4.4","Unformed Surface Finishes"]
[null,null,"(a)","Power-Floated Finish",null,"m²",20,null,{"$f":"+IF(H36*G36=0,\"\",H36*G36)","v":""}]
[]
[{"$nulls":8},{"$f":"+IF(H38*G38=0,\"\",H38*G38)","v":""}]
["TOTAL CARRIED FORWARD"]
["SECTION 1200 PART G: CONCRETE (STRUCTURAL)"]
["ITEM NO","PAY ITEM","DESCRIPTION",null,null,"UNIT","QTY","RATE","AMOUNT"]
["TOTAL BROUGHT FORWARD"]
[{"$nulls":8},{"$f":"+IF(H43*G43=0,\"\",H43*G43)","v":""}]
[6.11,"PSG 8.9","WATERPROOFING ",{"$nulls":5},{"$f":"+IF(H44*G44=0,\"\",H44*G44)","v":""}]
[null,null,"(a)","4mm Torch on Derbigum",null,"m²",20,null,{"$f":"+IF(H45*G45=0,\"\",H45*G45)","v":""}]
{"$rows_empty":7}
[{"$nulls":8},{"$f":"+IF(H53*G53=0,\"\",H53*G53)","v":""}]
["TOTAL CARRIED FORWARD"]
{"$rows_empty":10}
[{"$nulls":8},{"$f":"+IF(H65*G65=0,\"\",H65*G65)","v":""}]

{"sheet":"1200L","index":5,"n_rows":38,"n_cols":21,"rows_kept":38,"merged":[[0,0,0,8],[1,2,1,4],[3,2,3,4],[5,1,6,1],[5,2,6,4],[8,3,8,4],[9,3,9,4],[10,3,10,4],[11,3,11,4],[12,2,12,4],[14,3,14,4],[15,3,15,4],[16,3,16,4],[17,3,17,4],[18,3,18,4],[19,3,19,4],[20,3,20,4],[21,3,21,4],[22,3,22,4],[23,2,24,4],[25,3,25,4],[26,3,26,4],[27,3,27,4],[28,1,29,1],[28,2,28,4],[32,1,33,1],[32,2,32,4],[33,3,33,4],[35,3,35,4],[37,0,37,7]]}
["SECTION 1200 PART L: MEDIUM PRESSURE PIPELINES"]
["ITEM NO","PAY ITEM","DESCRIPTION",null,null,"UNIT","QTY","RATE","AMOUNT"]
[{"$nulls":8},{"$f":"+IF(H3*G3=0,\"\",H3*G3)","v":""}]
[7.1,8.2,"SCHEDULED ITEMS"]
[]
["7.1.1","PSL 8.2.1","Supply, Lay and Bed Pipes Complete with Couplings"]
[]
[{"$nulls":17},2020,2024]
[null,null,"a)","160 mm diameter uPVC PN 16",null,"m",25,null,{"$f":"+IF(H9*G9=0,\"\",H9*G9)","v":""},{"$nulls":7},200,630.16,2178.372,{"$f":"S9/6","v":363.06199999999995},{"$f":"S9/R9","v":3.456855401802717}]
[null,null,"b)","250 mm diameter uPVC PN 16",null,"m",40,null,"",null,null,{"$f":"455*1.4","v":637},{"$nulls":4},250,989.03,{"$f":"R10*$U$9","v":3418.933698044941},{"$f":"S10/6","v":569.8222830074902}]
[null,null,"c)","315 mm diameter uPVC PN 16",null,"m",600,null,"",{"$nulls":7},315,1573.71,{"$f":"R11*$U$9","v":5440.0879143709535},906.6813190618255]
[]
["7.1.2","8.2.2","Extra-over 8.2.1 for the supplying, laying, and bedding of specials complete with couplings",{"$nulls":8},{"$f":"H10*1.35","v":0}]
[]
[null,null,"a)","315x200 mm diameter Tee PN 16 uPVC",null,"No",1,null,{"$f":"+IF(H15*G15=0,\"\",H15*G15)","v":""}]
[null,null,"b)","315 mm diameter 11.25° Bend PN 16",null,"No",2,null,"",null,null,1590]
[null,null,"d)","315 mm diameter 22.5° Bend PN 16",null,"No",2,null,"",null,null,{"$f":"1.3*L16","v":2067},{"$f":"1.3*H17","v":0}]
[null,null,"e)","315 mm diameter 45° Bend PN 16",null,"No",2,null,""]
[null,null,"f)","315 mm diameter 90° Bend PN 16",null,"No",6,null,"",null,null,{"$f":"650*1","v":650}]
[null,null,"g)","315x250 mm diameter Reducer PN 16 uPVC",null,"No",1,null,"",null,null,{"$f":"60*1","v":60}]
[null,null,"h)","200x160mm diameter Reducer PN 16 uPVC ",null,"No",1,null,""]
[null,null,"i)","Provisional Sum for Miscellaneous Fittings",null,"Prov. Sum",1,{"v":30000,"d":"R30,000.00"},{"v":30000,"d":"R30,000.00"},null,null,{"$f":"100*1","v":100}]
[{"$nulls":8},""]
["7.1.3","8.2.3","Extra-over 8.2.1 for the supplying, fixing, and Bedding Valves",{"$nulls":5},""]
[{"$nulls":8},""]
[null,null,"a)","160 mm Diameter Gate Valve PN 16",null,"No",1,null,"",null,null,3500]
[null,null,"b)","250 mm Diameter Gate Valve PN 16",null,"No",1,null,"",null,null,{"$f":"L26/G11","v":5.833333333333333}]
[{"$nulls":8},""]
["7.1.3","PSL 8.2.11","Anchor/Thrust Blocks and Pedestals",{"$nulls":5},""]
[null,null,"b)","1)","Concrete","m³",5,null,""]
[{"$nulls":3},"2)","Formwork","m²",5,null,""]
[{"$nulls":8},""]
["7.1.4","PSL 8.2.13","Valve and hydrant chambers etc.",{"$nulls":5},""]
[null,null,"a)","Valve chamber",null,"No.",2,null,""]
[{"$nulls":8},""]
[]
[]
["TOTAL CARRIED TO SUMMARY"]

{"sheet":"1200LB","index":6,"n_rows":39,"n_cols":10,"rows_kept":39,"merged":[[0,0,0,9],[1,2,1,5],[3,2,3,5],[6,3,6,5],[7,3,7,5],[11,3,11,5],[12,3,12,5],[14,2,14,5],[15,3,15,5],[16,3,16,5],[38,0,38,8]]}
["SECTION 1200 PART LB: BEDDING (PIPES)"]
["ITEM NO","PAY ITEM","DESCRIPTION",{"$nulls":3},"UNIT","QTY","RATE","AMOUNT"]
[{"$nulls":9},{"$f":"+IF(I3*H3=0,\"\",I3*H3)","v":""}]
[8.1,8.2,"SCHEDULED ITEMS",{"$nulls":6},""]
[{"$nulls":9},""]
["8.1.1"," 8.2.1","Provision of Bedding from Trench Excavation",{"$nulls":6},""]
[null,null,"a)","Selected Granular material",null,null,"m³",350,null,""]
[null,null,"b)","Selected Fill Material",null,null,"m³",350,null,""]
[{"$nulls":9},""]
["8.1.2","8.2.2","Supply only of bedding by Importation",{"$nulls":6},""]
["8.1.2.1","8.2.2.1","From other necessary excavations (Provisional)",{"$nulls":6},""]
[null,null,"a)","Selected Granular material",null,null,"m³",350,null,""]
[null,null,"b)","Selected Fill Material",null,null,"m³",350,null,""]
[{"$nulls":9},""]
["8.1.3","8.2.4","Encasing of Pipes in Concrete",{"$nulls":6},""]
[null,null,"b)","315 mm Diameter @ 25 Mpa",null,null,"m³",15,null,""]
[{"$nulls":9},""]
[{"$nulls":9},""]
[{"$nulls":9},""]
[{"$nulls":9},""]
[{"$nulls":9},""]
[{"$nulls":9},""]
[{"$nulls":9},""]
[{"$nulls":9},""]
[{"$nulls":9},""]
[{"$nulls":9},""]
[{"$nulls":9},""]
[{"$nulls":9},""]
[{"$nulls":9},""]
[{"$nulls":9},""]
[{"$nulls":9},""]
[{"$nulls":9},""]
[{"$nulls":9},""]
[{"$nulls":9},""]
[{"$nulls":9},""]
[{"$nulls":9},""]
[{"$nulls":9},""]
[{"$nulls":9},""]
["TOTAL CARRIED TO SUMMARY"]

{"sheet":"PD","index":7,"n_rows":35,"n_cols":9,"rows_kept":35,"merged":[[0,0,0,8],[1,2,1,4],[3,3,3,4],[6,3,6,4],[9,3,9,4],[12,3,12,4],[17,3,17,4],[20,3,20,4],[23,3,23,4]]}
["SECTION PARTICULAR SPECIFICATION PD: BUILDING WORK"]
["ITEM NO","PAY ITEM","DESCRIPTION",null,null,"UNIT","QTY","RATE","AMOUNT"]
[{"$nulls":8},{"$f":"+IF(H3*G3=0,\"\",H3*G3)","v":""}]
[]
[null,null,"D. PUMP STATION HOUSE"]
["10.1.14","PD 01","Brickwork",{"$nulls":5},{"$f":"+IF(H6*G6=0,\"\",H6*G6)","v":""}]
[null,null,"(a)","Corobrik Montana Travertine Facebrick Standard or similar approved with flush pointed mortar joints",null,"m²",60,null,""]
[]
["10.1.15","PD 03","Floor Screeds",{"$nulls":5},{"$f":"+IF(H9*G9=0,\"\",H9*G9)","v":""}]
[null,null,"a)","30 mm Power Floated Screed",null,"m²",20,null,""]
[{"$nulls":8},""]
["10.1.16","PD 04","Doors and Windows",{"$nulls":5},""]
[null,null,"(a)","D1 Doors (0,9 x 2 m high)",null,"No.",1,null,""]
[{"$nulls":8},""]
["10.1.17","PD 05","Crawl Beam",{"$nulls":5},""]
[null,null,"(a) ","203 x 133 x 25 I-Section ",null,"Sum",1,null,""]
{"$rows_empty":17}
[{"$nulls":8},{"$f":"+IF(H34*G34=0,\"\",H34*G34)","v":""}]
["TOTAL CARRIED TO SUMMARY"]

{"sheet":"Summary","index":8,"n_rows":46,"n_cols":10,"rows_kept":46,"merged":[[0,0,2,7],[4,0,4,1],[4,6,4,7],[7,0,7,1],[7,6,7,7],[10,0,10,1],[10,6,10,7],[13,0,13,1],[13,6,13,7],[16,0,16,1],[16,6,16,7],[19,0,19,1],[19,6,19,7],[22,0,22,1],[22,6,22,7],[25,6,25,7],[27,0,29,7],[31,6,31,7],[33,6,33,7],[34,0,34,4],[34,6,34,7],[37,6,37,7],[40,6,40,7],[43,6,43,7]]}
["SUMMARY OF SCHEDULE OF QUANTITIES"]
[]
[]
[]
["SANS 1200 A",null,": PRELIMINARY AND GENERAL"]
[]
[]
["SANS 1200 C",null,": SITE CLEARANCE"]
[]
[]
["SANS 1200 D",null,": EARTHWORKS"]
[]
[]
["SANS 1200 DB",null,": EARTHWORKS (PIPE TRENCHES)"]
[]
[]
["SANS 1200 G",null,": CONCRETE (STRUCTURAL)"]
[]
[]
["SANS 1200 L",null,": MEDIUM-PRESSURE PIPELINES."]
[{"$nulls":9},{"$f":"G5+G11+G8+#REF!+G17+#REF!+G26-250000","v":{"$error":"#REF!"}}]
[]
["SANS 1200 LB",null,": BEDDING (PIPES)",{"$nulls":6},{"$f":"G14+G20+G23","v":0}]
[]
[]
["PARTICULAR SPECIFICATION PD",{"$nulls":3},": BUILDING WORK"]
[{"$nulls":9},{"v":7610250,"d":"R7,610,250.00"}]
["SUMMARY OF SCHEDULE OF QUANTITIES"]
[]
[{"$nulls":9},{"$f":"J27-G32","v":{"v":7610250,"d":"R7,610,250.00"}}]
[]
["TOTAL FOR SCHEDULE OF QUANTITIES EXCL. VAT"]
[]
[]
["ALLOWANCE FOR CONTINGENCIES @ 10%"]
[]
[]
["TOTAL CONTRACT VALUE EXCL. VAT"]
[]
[]
["VAT @ 15%"]
[]
[]
["TOTAL CONTRACT VALUE TO FORM OF OFFER  INCL. VAT",{"$nulls":8},{"v":1444044.94,"d":"R1,444,044.94"}]
[]
[{"$nulls":9},{"$f":"G44+J44","v":{"v":1444044.94,"d":"R1,444,044.94"}}]

{"sheet":"Sheet1","index":9,"n_rows":19,"n_cols":2,"rows_kept":19,"hidden":true}
["Sewer Pipe"]
["P1",3.422]
["P2",1.508]
["P3",68.739]
["P4",0.653]
["P5",27.383]
["P6",0.662]
["P7",10.872]
["P8",0.419]
["P9",5.545]
["P10",0.208]
["P11",0.331]
["P12",7.911]
["P13",0.662]
["P14",10.72]
["P15",0.662]
["P16",4.951]
[null,{"$f":"SUM(B2:B17)","v":144.64800000000002}]
[null,{"$f":"B18*1.1","v":159.11280000000005}]